|
|
|
|
| LEADER |
01064nam a2200253 a 4500 |
| 001 |
13340116 |
| 008 |
100613s2004 mau 001 0 eng d |
| 010 |
|
|
|a \\2003112721
|
| 020 |
|
|
|a 0312412827 (pbk.)
|
| 040 |
|
|
|a DLC
|c DLC
|d DLC
|d BD-DhAAL
|
| 082 |
0 |
4 |
|a 808/.042
|
| 100 |
1 |
|
|a Gardner, Janet E.
|
| 245 |
1 |
0 |
|a Writing about literature :
|b a portable guide /
|c Janet E. Gardner.
|
| 260 |
|
|
|a Boston :
|b Bedford/St. Martin's,
|c c2004.
|
| 300 |
|
|
|a vii, 136 p. ;
|c 21 cm.
|
| 504 |
|
|
|a Includes index.
|
| 541 |
1 |
|
|e 00020383
|
| 650 |
|
0 |
|a English language
|x Rhetoric
|v Handbooks, manuals, etc.
|
| 650 |
|
0 |
|a Literature
|x History and criticism
|x Theory, etc.
|
| 650 |
|
0 |
|a Criticism
|x Authorship
|v Handbooks, manuals, etc.
|
| 650 |
|
0 |
|a Academic writing
|v Handbooks, manuals, etc.
|
| 852 |
4 |
|
|a Ayesha Abed Library
|j General Shelf
|
| 999 |
|
|
|c 8905
|d 8905
|
| 952 |
|
|
|0 0
|1 0
|2 ddc
|4 0
|6 808_042000000000000_GAR_2009
|7 0
|9 10898
|a BRACUL
|b BRACUL
|c GEN
|d 2010-06-13
|l 3
|m 5
|o 808.042 GAR
|p 3010020383
|r 2025-08-31
|s 2025-08-24
|t 1
|w 2010-06-13
|y BK
|x Transferred from ENH to Ayesha Abed library on 20/12/2023
|